00754nam a22001937a 4500999001900000005001700019010001500036020003100051035001400082037000900096082001100105245011800116260004300234270005700277300002100334700004400355942002500399952013600424 c184375d18437520220119124952.0 aENG-131240 a978-93-89137-94-1c1280.00 aEN-114772 bDBAD a327.54 aIndia in South Asia:cEdited by Sudheer Singh Verma and Ashwani KumarbChanging Perspectives in the 21st Century/ aNew DelhibKW Publishers Pvt Ltdc2021 bNew Delhia4676/21, First Floor, Ansari Roade110002 a238p.c23cm(hbk) aVerma, Sudheer Singh and Kumar, Ashwani 2ddccENh327.54mVER 001040708NFICaLbLd2022-01-19eDBAD/PUBg1280.00l3m2o327.54 VERpEN-114772r2025-02-04 00:00:00s2024-05-18t1v1280.00yEN